[Event "Robert Silk Lady Masters"]
[Site "London, Great Eastern Hotel"]
[Date "1984.07.19"]
[Round "5"]
[White "Needham, Teresa"]
[Black "Norman, Dinah"]
[Result "1-0"]
[WhiteElo "2075"]
[BlackElo "2015"]
[PlyCount "87"]
[EventDate "1984.07.15"]
[EventType "tourn"]
[EventRounds "9"]
[EventCountry "ENG"]
[SourceTitle "BritBase"]
[Source "John Saunders"]
[SourceDate "2020.09.07"]
[SourceVersion "1"]
[SourceVersionDate "2020.09.07"]
[SourceQuality "2"]

1. e4 e6 2. d4 d5 3. e5 c5 4. c3 Nc6 5. Nf3 Qb6 6. a3 c4 7. Nbd2 Na5 8. Rb1 Bd7
9. Be2 h6 10. O-O Ne7 11. b4 cxb3 12. Qe1 Nf5 13. Nxb3 Nxb3 14. Nd2 Ba4 15.
Nxb3 Bxb3 16. Bd1 Be7 17. Bxb3 O-O 18. Bc2 Qc6 19. Bd3 Rac8 20. Rb3 a6 21. Bd2
b5 22. Qb1 Qd7 23. Qd1 Bd8 24. Qh5 g6 25. Qh3 h5 26. f3 Qe7 27. g4 hxg4 28.
fxg4 Qh4 29. Qf3 Ne7 30. Qg2 Nc6 31. Rf3 Bb6 32. Kh1 Na5 33. Rb1 Nc4 34. Bxc4
dxc4 35. a4 Bc7 36. Rh3 Qd8 37. Bh6 Re8 38. axb5 Rb8 39. Rf1 axb5 40. Rhf3 Qd5
41. Rxf7 Qxg2+ 42. Kxg2 Ba5 43. Rg7+ Kh8 44. Rff7 1-0

[Event "Robert Silk Lady Masters"]
[Site "London, Great Eastern Hotel"]
[Date "1984.07.20"]
[Round "6"]
[White "Hamid, Rani"]
[Black "Khadilkar, Rohini"]
[Result "1/2-1/2"]
[WhiteElo "2135"]
[BlackElo "2115"]
[PlyCount "118"]
[EventDate "1984.07.15"]
[EventType "tourn"]
[EventRounds "9"]
[EventCountry "ENG"]
[SourceTitle "BritBase"]
[Source "John Saunders"]
[SourceDate "2020.09.07"]
[SourceVersion "1"]
[SourceVersionDate "2020.09.07"]
[SourceQuality "2"]

1. e4 e5 2. Nf3 Nc6 3. Bb5 Bc5 4. c3 f5 5. Qe2 Qe7 6. O-O Nf6 7. d3 fxe4 8.
dxe4 O-O 9. Bg5 Kh8 10. Nbd2 d6 11. h3 Qf7 12. b4 Bb6 13. a4 a6 14. Bc4 Qg6 15.
Kh2 Nh5 16. g4 Nf4 17. Bxf4 Rxf4 18. Nh4 Qf6 19. Nf5 Bd7 20. f3 Rf8 21. Kg2 Ne7
22. Qe1 Bxf5 23. exf5 d5 24. Bb3 c6 25. Bc2 g6 26. fxg6 Nxg6 27. Bxg6 hxg6 28.
Rd1 g5 29. Qe2 a5 30. b5 Rxa4 31. bxc6 bxc6 32. Rb1 Bc5 33. Rb2 Qf4 34. Rh1 e4
35. fxe4 Qf2+ 36. Qxf2 Rxf2+ 37. Kg3 Re2 38. h4 dxe4 39. hxg5+ Kg7 40. Rb7+ Kg6
41. Rh6+ Kxg5 42. Rh5+ Kf6 43. Rxc5 Rxd2 44. Rxc6+ Ke5 45. Re7+ Kd5 46. Rc8
Rd3+ 47. Kh4 Rc4 48. Rd7+ Ke6 49. Rxc4 Kxd7 50. Rxe4 Rxc3 51. g5 Kc6 52. g6 Kb5
53. Re8 Rc7 54. Kg5 a4 55. Kf6 a3 56. g7 Rxg7 57. Kxg7 Kb4 58. Kf6 a2 59. Ra8
Kb3 1/2-1/2

[Event "Robert Silk Lady Masters"]
[Site "London, Great Eastern Hotel"]
[Date "1984.07.20"]
[Round "6"]
[White "Hepworth, Mandy"]
[Black "Needham, Teresa"]
[Result "0-1"]
[WhiteElo "1900"]
[BlackElo "2075"]
[PlyCount "62"]
[EventDate "1984.07.15"]
[EventType "tourn"]
[EventRounds "9"]
[EventCountry "ENG"]
[SourceTitle "BritBase"]
[Source "John Saunders"]
[SourceDate "2020.09.07"]
[SourceVersion "1"]
[SourceVersionDate "2020.09.07"]
[SourceQuality "2"]

1. e4 e5 2. Nf3 d6 3. d4 exd4 4. Nxd4 Nf6 5. Nc3 Be7 6. Be2 O-O 7. O-O Re8 8.
f4 Nbd7 9. Bf3 a6 10. Qe1 d5 11. e5 Bc5 12. Be3 Nb6 13. Qg3 Kh8 14. Rad1 Bf8
15. Nb3 c6 16. Be2 Nfd7 17. a4 a5 18. Qf2 Bb4 19. Nc5 Qe7 20. Nxd7 Nxd7 21. Na2
Bc5 22. Bxc5 Nxc5 23. Nc3 Bf5 24. Bf3 Na6 25. g4 Bd7 26. Qd4 Qh4 27. f5 Nb4 28.
Rf2 h5 29. Rg2 Re7 30. f6 gxf6 31. exf6 Re1+ 0-1

[Event "Robert Silk Lady Masters"]
[Site "London, Great Eastern Hotel"]
[Date "1984.07.20"]
[Round "6"]
[White "Khadilkar, Jayshree"]
[Black "Milligan, Helen"]
[Result "1-0"]
[WhiteElo "1970"]
[BlackElo "1920"]
[PlyCount "57"]
[EventDate "1984.07.15"]
[EventType "tourn"]
[EventRounds "9"]
[EventCountry "ENG"]
[SourceTitle "BritBase"]
[Source "John Saunders"]
[SourceDate "2020.09.07"]
[SourceVersion "1"]
[SourceVersionDate "2020.09.07"]
[SourceQuality "2"]

1. e4 e5 2. Nc3 Nf6 3. g3 d5 4. exd5 Nxd5 5. Bg2 Nxc3 6. bxc3 Nc6 7. Ne2 Be6 8.
O-O Be7 9. d3 O-O 10. Be3 Qd7 11. f4 Bd5 12. Bxd5 Qxd5 13. fxe5 Nxe5 14. Nf4
Qc6 15. Bd4 Ng6 16. Qh5 Rfe8 17. Nd5 Rad8 18. c4 Rd6 19. Rae1 Qd7 20. Nxe7+
Rxe7 21. Rxe7 Qxe7 22. Bc5 h6 23. Bxd6 Qxd6 24. Qd5 Qe7 25. Qxb7 Ne5 26. Qxa7
Qg5 27. Qa8+ Kh7 28. Qe4+ g6 29. d4 1-0

[Event "Robert Silk Lady Masters"]
[Site "London, Great Eastern Hotel"]
[Date "1984.07.20"]
[Round "6"]
[White "Lalic, Susan Kathryn"]
[Black "Hoiberg, Nina"]
[Result "0-1"]
[WhiteElo "1945"]
[BlackElo "2120"]
[PlyCount "87"]
[EventDate "1984.07.15"]
[EventType "tourn"]
[EventRounds "9"]
[EventCountry "ENG"]
[SourceTitle "BritBase"]
[Source "John Saunders"]
[SourceDate "2020.09.07"]
[SourceVersion "1"]
[SourceVersionDate "2020.09.07"]
[SourceQuality "2"]

1. e4 e5 2. Bc4 Nc6 3. c3 Nf6 4. d3 Be7 5. Nf3 O-O 6. O-O d5 7. exd5 Nxd5 8.
Re1 Bg4 9. h3 Bh5 10. g4 Bg6 11. Nxe5 Nxe5 12. Rxe5 Nb6 13. Bb3 Bd6 14. Bg5 Qd7
15. Re3 Rae8 16. d4 Qb5 17. Bh4 Rxe3 18. fxe3 Qe8 19. Bf2 Nd7 20. c4 c6 21. c5
Bb8 22. Bc2 Nxc5 23. dxc5 Qe5 24. Nc3 Qh2+ 25. Kf1 Qxh3+ 26. Ke1 h5 27. Ne2
Bxc2 28. Qxc2 Qh1+ 29. Bg1 Qg2 30. Kd2 Rd8+ 31. Kc3 Qxg4 32. Nd4 Be5 33. Kb3 h4
34. Bh2 Bxd4 35. exd4 Rxd4 36. a4 Qe6+ 37. Ka3 Qe3+ 38. Ka2 Rd2 39. Qf5 Rxh2
40. Qc8+ Kh7 41. Qf5+ Kh6 42. Qxf7 Rf2 43. Qg8 Qe4 44. Rd1 0-1

[Event "Robert Silk Lady Masters"]
[Site "London, Great Eastern Hotel"]
[Date "1984.07.20"]
[Round "6"]
[White "Norman, Dinah"]
[Black "Khadilkar, Vasanti"]
[Result "1/2-1/2"]
[WhiteElo "2015"]
[BlackElo "1970"]
[PlyCount "72"]
[EventDate "1984.07.15"]
[EventType "tourn"]
[EventRounds "9"]
[EventCountry "ENG"]
[SourceTitle "BritBase"]
[Source "John Saunders"]
[SourceDate "2020.09.07"]
[SourceVersion "1"]
[SourceVersionDate "2020.09.07"]
[SourceQuality "2"]

1. d4 Nf6 2. Nf3 g6 3. Bf4 Bg7 4. e3 d6 5. h3 O-O 6. Bc4 c6 7. a4 Nbd7 8. O-O
Qa5 9. Nbd2 e5 10. dxe5 dxe5 11. Bh2 e4 12. Nd4 Nb6 13. Be2 Nbd5 14. Nc4 Qd8
15. a5 Re8 16. c3 Nd7 17. Qc2 Ne5 18. Rfd1 Qg5 19. Kh1 Nxc4 20. Bxc4 Be5 21. b4
Bxh2 22. Kxh2 Be6 23. Bf1 Rad8 24. Qb2 Qe5+ 25. Kh1 Rd7 26. Rac1 Red8 27. a6
Ne7 28. axb7 Rxb7 29. Nxe6 Rxd1 30. Rxd1 Qxe6 31. Qd2 Nd5 32. Bc4 Rd7 33. Bxd5
Rxd5 34. Qe2 Qd6 35. Rd4 c5 36. bxc5 Qxc5 1/2-1/2

[Event "Robert Silk Lady Masters"]
[Site "London, Great Eastern Hotel"]
[Date "1984.07.21"]
[Round "7"]
[White "Hoiberg, Nina"]
[Black "Khadilkar, Jayshree"]
[Result "1-0"]
[WhiteElo "2120"]
[BlackElo "1970"]
[PlyCount "114"]
[EventDate "1984.07.15"]
[EventType "tourn"]
[EventRounds "9"]
[EventCountry "ENG"]
[SourceTitle "BritBase"]
[Source "John Saunders"]
[SourceDate "2020.09.07"]
[SourceVersion "1"]
[SourceVersionDate "2020.09.07"]
[SourceQuality "2"]

1. e4 e5 2. Nf3 Nc6 3. d4 exd4 4. Bc4 Nf6 5. c3 Nxe4 6. O-O d5 7. Re1 Be7 8.
Nxd4 O-O 9. Bd3 Nxd4 10. cxd4 Bf5 11. Bf4 Bd6 12. Bxd6 Nxd6 13. Nc3 c6 14. Re5
Qf6 15. Bxf5 Nxf5 16. Qg4 Ne7 17. Rae1 Ng6 18. R5e3 Rfd8 19. g3 Kf8 20. h4 Qd6
21. h5 Nh8 22. Qf5 g6 23. Qg5 gxh5 24. Qxh5 h6 25. Qf5 Kg7 26. Re7 Qf6 27. Qg4+
Ng6 28. R1e6 Qg5 29. Qxg5 hxg5 30. Rxb7 Rdb8 31. Rxb8 Rxb8 32. Rxc6 Rxb2 33.
Ra6 Rd2 34. Nb5 Nf8 35. Rxa7 Ne6 36. Ra4 Rb2 37. Nc3 Rd2 38. Nxd5 Nxd4 39. Ne3
Nb5 40. Ra5 Nc3 41. Rxg5+ Kf6 42. Rf5+ Ke6 43. a3 Ra2 44. Ra5 Nb1 45. Nc4 Rc2
46. Ra6+ Ke7 47. Ne5 f5 48. a4 Nd2 49. Nc6+ Kf7 50. Nd4 Rc5 51. Ra8 Rd5 52. Ne2
Ne4 53. a5 Rd2 54. Kf1 Kf6 55. a6 Ra2 56. a7 Kg7 57. f3 Ng5 1-0

[Event "Robert Silk Lady Masters"]
[Site "London, Great Eastern Hotel"]
[Date "1984.07.21"]
[Round "7"]
[White "Khadilkar, Vasanti"]
[Black "Hepworth, Mandy"]
[Result "0-1"]
[WhiteElo "1970"]
[BlackElo "1900"]
[PlyCount "52"]
[EventDate "1984.07.15"]
[EventType "tourn"]
[EventRounds "9"]
[EventCountry "ENG"]
[SourceTitle "BritBase"]
[Source "John Saunders"]
[SourceDate "2020.09.07"]
[SourceVersion "1"]
[SourceVersionDate "2020.09.07"]
[SourceQuality "2"]

1. e4 c5 2. Nf3 d6 3. d4 cxd4 4. Nxd4 Nf6 5. Nc3 a6 6. g3 e6 7. Bg2 Be7 8. O-O
Qc7 9. Be3 Nbd7 10. Qe2 Rb8 11. a4 Nb6 12. Rad1 Bd7 13. f4 Nxa4 14. Nxa4 Bxa4
15. b3 Bd7 16. Nf3 Nxe4 17. Bd4 Nc3 18. Bxc3 Qxc3 19. Rfe1 Bb5 20. Qd2 Qxd2 21.
Rxd2 d5 22. Rdd1 Rc8 23. Rc1 Bb4 24. Re5 Bc3 25. Re3 O-O 26. Kh1 Bb2 0-1

[Event "Robert Silk Lady Masters"]
[Site "London, Great Eastern Hotel"]
[Date "1984.07.21"]
[Round "7"]
[White "Milligan, Helen"]
[Black "Norman, Dinah"]
[Result "1/2-1/2"]
[WhiteElo "1920"]
[BlackElo "2015"]
[PlyCount "43"]
[EventDate "1984.07.15"]
[EventType "tourn"]
[EventRounds "9"]
[EventCountry "ENG"]
[SourceTitle "BritBase"]
[Source "John Saunders"]
[SourceDate "2020.09.07"]
[SourceVersion "1"]
[SourceVersionDate "2020.09.07"]
[SourceQuality "2"]

1. e4 e6 2. d4 d5 3. Nc3 Nf6 4. e5 Nfd7 5. f4 c5 6. Nf3 Nc6 7. Be3 Be7 8. Be2
a6 9. O-O O-O 10. Qd2 cxd4 11. Nxd4 Nxd4 12. Bxd4 Nb8 13. Na4 Nc6 14. Bb6 Qd7
15. Nc5 Bxc5+ 16. Bxc5 Re8 17. c3 Qc7 18. Qe3 Bd7 19. Bd3 Ne7 20. Bxe7 Rxe7 21.
Rae1 Bb5 22. Bxb5 1/2-1/2

[Event "Robert Silk Lady Masters"]
[Site "London, Great Eastern Hotel"]
[Date "1984.07.21"]
[Round "7"]
[White "Needham, Teresa"]
[Black "Hamid, Rani"]
[Result "1-0"]
[WhiteElo "2075"]
[BlackElo "2135"]
[PlyCount "59"]
[EventDate "1984.07.15"]
[EventType "tourn"]
[EventRounds "9"]
[EventCountry "ENG"]
[SourceTitle "BritBase"]
[Source "John Saunders"]
[SourceDate "2020.09.07"]
[SourceVersion "1"]
[SourceVersionDate "2020.09.07"]
[SourceQuality "2"]

1. e4 c5 2. Nf3 e6 3. d4 cxd4 4. Nxd4 a6 5. Nc3 Qc7 6. Bd3 Nf6 7. O-O Be7 8.
Be3 b5 9. f4 b4 10. Nb1 Bb7 11. Nd2 h5 12. h3 d6 13. c3 bxc3 14. Rc1 Nbd7 15.
Rxc3 Qb8 16. Qa4 O-O 17. Nc6 Bxc6 18. Rxc6 Nc5 19. Bxc5 dxc5 20. e5 Nd5 21. Qe4
f5 22. exf6 Rxf6 23. Rxe6 Nxf4 24. Rxf6 Nxh3+ 25. Kh1 Bxf6 26. Qd5+ Kf8 27.
Qxc5+ Kf7 28. Bc4+ Kg6 29. Qf5+ Kh6 30. Bf7 1-0

[Event "Robert Silk Lady Masters"]
[Site "London, Great Eastern Hotel"]
[Date "1984.07.22"]
[Round "8"]
[White "Hamid, Rani"]
[Black "Khadilkar, Vasanti"]
[Result "0-1"]
[WhiteElo "2135"]
[BlackElo "1970"]
[PlyCount "96"]
[EventDate "1984.07.15"]
[EventType "tourn"]
[EventRounds "9"]
[EventCountry "ENG"]
[SourceTitle "BritBase"]
[Source "John Saunders"]
[SourceDate "2020.09.07"]
[SourceVersion "1"]
[SourceVersionDate "2020.09.07"]
[SourceQuality "2"]

1. e4 e5 2. Nf3 Nf6 3. Nxe5 d6 4. Nf3 Nxe4 5. d4 d5 6. Bd3 Be7 7. O-O Bg4 8. c4
Nf6 9. h3 Bxf3 10. Qxf3 O-O 11. cxd5 Qxd5 12. Qxd5 Nxd5 13. Be4 Rd8 14. Nc3 c6
15. Re1 Bb4 16. Bd2 Nf6 17. Bg5 Nbd7 18. a3 Ba5 19. Bf5 Re8 20. b4 Bb6 21. Red1
h6 22. Bh4 g6 23. Bc2 Bc7 24. f3 g5 25. Bf2 Rad8 26. a4 Nb6 27. b5 Nbd5 28.
Nxd5 Nxd5 29. bxc6 bxc6 30. Bb3 Rb8 31. Bxd5 cxd5 32. Rdc1 Bd6 33. Rc6 Re6 34.
h4 Bh2+ 35. Kxh2 Rxc6 36. hxg5 hxg5 37. Bg3 Rb2 38. Re1 Re6 39. Rc1 Rb4 40.
Rc8+ Kg7 41. Be5+ f6 42. Bb8 a6 43. Ba7 Rxa4 44. Rc7+ Kg6 45. Rd7 Ra2 46. Rxd5
Ree2 47. Bb8 Rxg2+ 48. Kh3 Rgf2 0-1

[Event "Robert Silk Lady Masters"]
[Site "London, Great Eastern Hotel"]
[Date "1984.07.22"]
[Round "8"]
[White "Hepworth, Mandy"]
[Black "Milligan, Helen"]
[Result "1/2-1/2"]
[WhiteElo "1900"]
[BlackElo "1920"]
[PlyCount "39"]
[EventDate "1984.07.15"]
[EventType "tourn"]
[EventRounds "9"]
[EventCountry "ENG"]
[SourceTitle "BritBase"]
[Source "John Saunders"]
[SourceDate "2020.09.07"]
[SourceVersion "1"]
[SourceVersionDate "2020.09.07"]
[SourceQuality "2"]

1. e4 e5 2. Nf3 Nf6 3. Nxe5 d6 4. Nf3 Nxe4 5. d4 d5 6. Bd3 Be7 7. O-O Nc6 8.
Re1 Bf5 9. Nc3 Nxc3 10. bxc3 Bxd3 11. Qxd3 O-O 12. c4 Re8 13. Bd2 dxc4 14. Qxc4
Bf6 15. Rxe8+ Qxe8 16. Rb1 b6 17. Bg5 Nxd4 18. Bxf6 Nxf3+ 19. gxf3 gxf6 20.
Qg4+ 1/2-1/2

[Event "Robert Silk Lady Masters"]
[Site "London, Great Eastern Hotel"]
[Date "1984.07.22"]
[Round "8"]
[White "Khadilkar, Rohini"]
[Black "Needham, Teresa"]
[Result "1-0"]
[WhiteElo "2115"]
[BlackElo "2075"]
[PlyCount "81"]
[EventDate "1984.07.15"]
[EventType "tourn"]
[EventRounds "9"]
[EventCountry "ENG"]
[SourceTitle "BritBase"]
[Source "John Saunders"]
[SourceDate "2020.09.07"]
[SourceVersion "1"]
[SourceVersionDate "2020.09.07"]
[SourceQuality "2"]

1. e4 c5 2. Nf3 d6 3. d4 cxd4 4. Nxd4 Nf6 5. Nc3 a6 6. Be2 e5 7. Nb3 Be7 8. O-O
O-O 9. a4 Be6 10. f4 Qc7 11. Kh1 Nbd7 12. f5 Bc4 13. a5 Rad8 14. Be3 Qc6 15.
Bxc4 Qxc4 16. Ra4 Qc6 17. Qf3 Ra8 18. g4 b5 19. axb6 h6 20. Na5 Qc8 21. b7 Qb8
22. bxa8=Q Qxa8 23. Nb3 d5 24. Nxd5 Nxd5 25. exd5 Nf6 26. d6 e4 27. Qg3 Bd8 28.
Rfa1 Qc6 29. Nd4 Qb7 30. Rxa6 Qxb2 31. Ra8 Qc3 32. R1a3 Qc4 33. Kg2 Nd5 34. Rb3
Bb6 35. Rxf8+ Kxf8 36. d7 Ke7 37. Rxb6 Nxb6 38. d8=Q+ Kxd8 39. Qd6+ Nd7 40.
Nc6+ Kc8 41. Qxd7+ 1-0

[Event "Robert Silk Lady Masters"]
[Site "London, Great Eastern Hotel"]
[Date "1984.07.22"]
[Round "8"]
[White "Lalic, Susan Kathryn"]
[Black "Khadilkar, Jayshree"]
[Result "0-1"]
[WhiteElo "1945"]
[BlackElo "1970"]
[PlyCount "86"]
[EventDate "1984.07.15"]
[EventType "tourn"]
[EventRounds "9"]
[EventCountry "ENG"]
[SourceTitle "BritBase"]
[Source "John Saunders"]
[SourceDate "2020.09.07"]
[SourceVersion "1"]
[SourceVersionDate "2020.09.07"]
[SourceQuality "2"]

1. e4 e5 2. Bc4 Nf6 3. d3 Nc6 4. Nf3 Be7 5. O-O O-O 6. Bb3 d5 7. exd5 Nxd5 8.
Re1 Bg4 9. h3 Bxf3 10. Qxf3 Nb6 11. Nd2 Qd7 12. c3 Rad8 13. Bc2 f5 14. b4 a6
15. a4 Bd6 16. Nf1 Rde8 17. Qh5 Nd8 18. Bd2 Ne6 19. Qd1 Qd8 20. Nh2 Kh8 21. Nf3
Qf6 22. Qb1 Nd7 23. h4 h6 24. Qb3 g5 25. hxg5 hxg5 26. g3 g4 27. Nh4 f4 28. Rf1
Ng5 29. Qd5 c6 30. Qh1 Nh3+ 31. Kh2 e4 32. dxe4 fxg3+ 33. fxg3 Qxh4 34. Bf4
Bxf4 35. Rxf4 Qh6 36. Kg2 Nxf4+ 37. gxf4 Qh3+ 38. Qxh3+ gxh3+ 39. Kxh3 Rxf4 40.
Kg3 Ref8 41. Rh1+ Kg7 42. e5 Rf3+ 43. Kg4 Nxe5+ 0-1

[Event "Robert Silk Lady Masters"]
[Site "London, Great Eastern Hotel"]
[Date "1984.07.22"]
[Round "8"]
[White "Norman, Dinah"]
[Black "Hoiberg, Nina"]
[Result "0-1"]
[WhiteElo "2015"]
[BlackElo "2120"]
[PlyCount "102"]
[EventDate "1984.07.15"]
[EventType "tourn"]
[EventRounds "9"]
[EventCountry "ENG"]
[SourceTitle "BritBase"]
[Source "John Saunders"]
[SourceDate "2020.09.07"]
[SourceVersion "1"]
[SourceVersionDate "2020.09.07"]
[SourceQuality "2"]

1. d4 Nf6 2. Nf3 d6 3. Bf4 g6 4. e3 Bg7 5. h3 b6 6. Nbd2 Bb7 7. Bc4 O-O 8. O-O
Nbd7 9. c3 Kh8 10. a4 a5 11. Re1 d5 12. Bf1 Ng8 13. e4 dxe4 14. Nxe4 e6 15. Qc2
Ndf6 16. Nxf6 Nxf6 17. Be5 Bxf3 18. gxf3 Nh5 19. Bxg7+ Nxg7 20. Qe4 Nf5 21.
Rad1 Qg5+ 22. Qg4 Qf6 23. Bb5 Rad8 24. Qf4 Rd6 25. Qe5 Kg7 26. Kg2 Rfd8 27. f4
c5 28. Bd3 cxd4 29. Bxf5 exf5 30. Rd3 dxc3 31. Rxc3 Re6 32. Qxf6+ Kxf6 33.
Rxe6+ fxe6 34. Rc6 Rd4 35. Rxb6 Rxa4 36. Kg3 Rb4 37. Ra6 a4 38. h4 h6 39. Ra5
g5 40. hxg5+ hxg5 41. fxg5+ Kxg5 42. Kf3 Kf6 43. Ra6 Ke5 44. Ra5+ Kd4 45. Kg3
e5 46. f4 exf4+ 47. Kxf4 Kd3+ 48. Kxf5 Kc2 49. Ke5 Kxb2 50. Kd5 a3 51. Kc5 Rb8
0-1

[Event "Robert Silk Lady Masters"]
[Site "London, Great Eastern Hotel"]
[Date "1984.07.23"]
[Round "9"]
[White "Khadilkar, Vasanti"]
[Black "Khadilkar, Rohini"]
[Result "0-1"]
[WhiteElo "1970"]
[BlackElo "2115"]
[PlyCount "60"]
[EventDate "1984.07.15"]
[EventType "tourn"]
[EventRounds "9"]
[EventCountry "ENG"]
[SourceTitle "BritBase"]
[Source "John Saunders"]
[SourceDate "2020.09.07"]
[SourceVersion "1"]
[SourceVersionDate "2020.09.07"]
[SourceQuality "2"]

1. e4 c5 2. Nf3 Nc6 3. d4 cxd4 4. c3 dxc3 5. Nxc3 d6 6. Be3 e6 7. Bd3 Be7 8.
O-O Nf6 9. h3 O-O 10. Qe2 a6 11. Rac1 Bd7 12. Nd2 b5 13. a3 Rc8 14. Kh1 Ne8 15.
Rfe1 Bf6 16. f4 g6 17. Bb1 Bg7 18. g4 Ne7 19. Rg1 Bc6 20. Kh2 d5 21. exd5 Nxd5
22. Nxd5 Bxd5 23. Nf3 Bxf3 24. Qxf3 Bxb2 25. Rxc8 Qxc8 26. f5 exf5 27. gxf5 Ng7
28. f6 Ne6 29. Rd1 Rd8 30. Rf1 Bxa3 0-1

[Event "Robert Silk Lady Masters"]
[Site "London, Great Eastern Hotel"]
[Date "1984.07.23"]
[Round "9"]
[White "Milligan, Helen"]
[Black "Hamid, Rani"]
[Result "1/2-1/2"]
[WhiteElo "1920"]
[BlackElo "2135"]
[PlyCount "39"]
[EventDate "1984.07.15"]
[EventType "tourn"]
[EventRounds "9"]
[EventCountry "ENG"]
[SourceTitle "BritBase"]
[Source "John Saunders"]
[SourceDate "2020.09.07"]
[SourceVersion "1"]
[SourceVersionDate "2020.09.07"]
[SourceQuality "2"]

1. e4 c5 2. Nf3 e6 3. d4 cxd4 4. Nxd4 a6 5. Bd3 Nc6 6. Nxc6 dxc6 7. Be3 Nf6 8.
Nd2 b5 9. O-O e5 10. a4 Bb7 11. Nb3 Nd7 12. Qe2 Be7 13. f4 exf4 14. Bxf4 Nc5
15. Nxc5 Bxc5+ 16. Be3 Bxe3+ 17. Qxe3 O-O 18. e5 Qe7 19. Rf3 g6 20. Re1 1/2-1/2

[Event "Robert Silk Lady Masters"]
[Site "London, Great Eastern Hotel"]
[Date "1984.07.23"]
[Round "9"]
[White "Needham, Teresa"]
[Black "Lalic, Susan Kathryn"]
[Result "1-0"]
[WhiteElo "2075"]
[BlackElo "1945"]
[PlyCount "45"]
[EventDate "1984.07.15"]
[EventType "tourn"]
[EventRounds "9"]
[EventCountry "ENG"]
[SourceTitle "BritBase"]
[Source "John Saunders"]
[SourceDate "2020.09.07"]
[SourceVersion "1"]
[SourceVersionDate "2020.09.07"]
[SourceQuality "2"]

1. e4 e6 2. c4 b6 3. d4 Bb7 4. Nc3 Bb4 5. Bd3 f5 6. d5 fxe4 7. Bxe4 Qh4 8. Qe2
Bxc3+ 9. bxc3 Ne7 10. Nf3 Qf6 11. O-O h6 12. Re1 d6 13. Nd4 e5 14. Ne6 Na6 15.
Qg4 g6 16. Re3 Nf5 17. Rf3 Bc8 18. Bxf5 gxf5 19. Rxf5 Bxe6 20. dxe6 Qxe6 21.
Rf8+ Kxf8 22. Qxe6 Kg7 23. Be3 1-0